000 00427nam a2200145 4500
001 121017
003 ES-MaACL
005 20230906191653.0
007 t|
008 070214s1914 mx r ||||1| spa d
100 1 _aPonce de León, Gregorio.
_992948
245 1 3 _aLa paz y sus colaboradores /
_cGregorio Ponce de León.
260 _aMéxico :
_b[s.n.],
_c1914 (
_fImpr. Secretaría de Fomento)
852 _aES-MaACL
_j1514-F-13
999 _c121017
_d121017